Functional analysis / (Record no. 6927)
[ view plain ]
| 000 -LEADER | |
|---|---|
| fixed length control field | 00780nam a2200253 a 4500 |
| 001 - CONTROL NUMBER | |
| control field | 6927 |
| 003 - CONTROL NUMBER IDENTIFIER | |
| rucl marc code | BD-RjUL |
| 005 - DATE AND TIME OF LATEST TRANSACTION | |
| control field | 20211208234336.0 |
| 008 - FIXED-LENGTH DATA ELEMENTS--GENERAL INFORMATION | |
| fixed length control field | 160830s1964 nyu 001 0 eng d |
| 035 ## - SYSTEM CONTROL NUMBER | |
| System control number | (BD-RjUL)6969 |
| 040 ## - CATALOGING SOURCE | |
| Original cataloging agency | DLC/ICU |
| Transcribing agency | ICU |
| Modifying agency | DLC |
| -- | BD-RjUL |
| Language of cataloging | eng |
| 041 ## - LANGUAGE CODE | |
| Language code of text/sound track or separate title | eng |
| 082 00 - DEWEY DECIMAL CLASSIFICATION NUMBER | |
| Classification number | 515.7 |
| Author mark and year | WIF 1964 |
| Edition number | 23 |
| 100 1# - MAIN ENTRY--PERSONAL NAME | |
| Personal name | Wilansky, Albert. |
| 9 (RLIN) | 21725 |
| 245 00 - TITLE STATEMENT | |
| Title | Functional analysis / |
| Statement of responsibility, etc. | by Albert. Wilansky |
| 260 ## - PUBLICATION, DISTRIBUTION, ETC. (IMPRINT) | |
| Place of publication, distribution, etc. | New York : |
| Name of publisher, distributor, etc. | Blaisdell Pub. Co., |
| Date of publication, distribution, etc. | c1964 |
| 300 ## - PHYSICAL DESCRIPTION | |
| Pagination | xvi, 291 p. ; |
| Size | 27 cm. |
| 500 ## - GENERAL NOTE | |
| General note | Includes index. |
| 650 #0 - SUBJECT ADDED ENTRY--TOPICAL TERM | |
| Topical term or geographic name as entry element | Functional analysis. |
| 9 (RLIN) | 21727 |
| Topical term or geographic name as entry element | Topology. |
| 9 (RLIN) | 21728 |
| 830 ## - SERIES ADDED ENTRY--UNIFORM TITLE | |
| Uniform title | A Blaisdell book in the pure and applied sciences |
| 942 ## - ADDED ENTRY ELEMENTS (KOHA) | |
| Source of classification or shelving scheme | Dewey Decimal Classification |
| Koha item type | Books |
| Lost status | Source of classification or shelving scheme | Damaged status | Not for loan | Collection code | Permanent Location | Current Location | Date acquired | Source of acquisition | Cost, normal purchase price | Total Checkouts | Full call number | Date last seen | Copy number | Koha item type | Shelving location |
|---|---|---|---|---|---|---|---|---|---|---|---|---|---|---|---|
| Dewey Decimal Classification | Non-fiction | Central Library, University of Rajshahi | Central Library, University of Rajshahi | 28/12/1968 | Zeithlinger. | 80.00 | 515.7 WIF 1964 | 12/01/2014 | C-2 | Books | |||||
| Dewey Decimal Classification | Non-fiction | Central Library, University of Rajshahi | Central Library, University of Rajshahi | 15/11/1965 | Zeit | 80.00 | 515.7 WIF 1964 | 30/08/2016 | C-3 | Books |